| 000 | 00733na a2200253 4500 | ||
|---|---|---|---|
| 001 | 17514 | ||
| 003 | MIRAKIL | ||
| 005 | 20181213155015.0 | ||
| 008 | 161025b tu 000 0 | ||
| 020 | _a9753472382 | ||
| 040 |
_aMilas _btur _cTR-AnCHP |
||
| 041 | _atur | ||
| 082 |
_a343.078690263 _bA12i 1999 |
||
| 090 | _a343.078690263 A12i 1999 | ||
| 100 | _aAbacıoğlu, Muhittin | ||
| 245 |
_aİmar Kanunu ve ilgili mevzuat _cMuhittin Abacıoğlu |
||
| 260 |
_aAnkara _bSeçkin _c1999 |
||
| 300 |
_a398 s. _c14 sm. |
||
| 490 |
_aKanun Metinleri serisi _v35 |
||
| 650 |
_aİmar _xHukuk ve mevzuat _yTürkiye _zKanunlar |
||
| 651 |
_aTürkiye _xKıyı Kanunu, 1990 |
||
| 651 |
_aTürkiye _xİmar Kanunu, 1985 |
||
| 942 |
_2ddc _cBKS |
||
| 999 |
_c4715 _d4715 |
||